000 00338nam a22001217a 4500
008 180512b xxu||||| |||| 00| 0 eng d
041 _aeng
080 _a043.3
100 _a0
101 _aSHKI-MA
245 _aStudimi Praktik i cilesive te BGP dhe Teknologjia e Internetit ne Sistemin Edukativ te Kosoves
_cHaziri, A
942 _2udc
_cBK
999 _c45724
_d45724